00429nam a2200181Ia 4500003000400000005001700004008004100021020001500062040000700077041000800084082002600092100002100118245003700139250000600176260003800182300001400220365001300234OSt20230509163312.0210423s2005 xx 000 0 und d a8123909691 cAL aeng a574.192028223b VARH aVARLEY (Harold). aPractical clinical biochemistry. a4 aNew DelhibCBS Publicationsc2005 ax,802bPB b270cINR